00654 2200253 4500001002100000005001700021008004100038020001800079035002400097082001100121090001800132100002000150245004200170250001600212260003400228300002800262500003100290650001700321850001500338980001300353985000600366986001300372999001500385YOGYA-0209000000297120090227020602.0 ind  a979-533-177-9 0010-020900000002971 a523.12 a523.12bSet G aSETIAWAN, Sandi aGempita tarian kosmoscSandi Setiawan aEd.1, cet.1 aYogyakartabAndi Offsetc1994 ax, 287 hlmbilusc23 cm aBibliografi : hlm. 253-263 aAlam semesta aYOPDYOG(B) a02-01-06 a1 afwhrtrev a97P0102709